| 000 | 01126nam a22003257a 4500 | ||
|---|---|---|---|
| 003 | CHAP | ||
| 005 | 20220329134123.0 | ||
| 008 | 971013s1968 r 00010 d | ||
| 010 | _a15704 | ||
| 011 | _a16676 | ||
| 035 | _a20758 | ||
| 040 | _cCHAP | ||
| 082 |
_a631.8 _bG8 |
||
| 100 | 0 | 0 |
_aGuanos y Fertilizantes de México, S. A. _951001 |
| 245 | _a25 aniversario | ||
| 260 |
_aMéxico, D.F., : _bTalls. Gráficos de la Nación, _c(1968) |
||
| 300 |
_a73 p. _b: ilus. ; gráfs |
||
| 590 |
_aBATCH-UPD _b10 _c20130110 _lUCH01 _h0021 |
||
| 590 |
_aBATCH-UPD _b10 _c20130110 _lUCH01 _h1749 |
||
| 590 |
_aBATCH-UPD _b10 _c20130409 _lUCH01 _h2001 |
||
| 590 |
_aBATCH-UPD _b10 _c20130410 _lUCH01 _h1127 |
||
| 590 |
_aBATCH-UPD _b10 _c20130914 _lUCH01 _h1359 |
||
| 590 |
_aCONVERSION _b10 _c20130109 _lUCH01 _h1310 |
||
| 650 | 1 | 4 |
_aFertilizantes _xAspectos económicos _xMéxico. _940462 |
| 650 | 1 | 4 |
_aFertilizantes _xIndustria _xMéxico. _940576 |
| 901 | _aBK | ||
| 942 | _cLIBRO | ||
| 949 |
_a631.8 G8 _bBC _cLIBRO _d33724000170908 _eLIBRO _h12313 _i20758 _mD _si |
||
| 949 |
_a631.8 G8 _bBC _cLIBRO _d33724000170916 _eLIBRO _fc.2 _h13541 _i20758 _mD _si |
||
| 999 |
_c15704 _d15704 |
||